<?xml version="1.0" encoding="UTF-8"?>
<record
    xmlns:xsi="http://www.w3.org/2001/XMLSchema-instance"
    xsi:schemaLocation="http://www.loc.gov/MARC21/slim http://www.loc.gov/standards/marcxml/schema/MARC21slim.xsd"
    xmlns="http://www.loc.gov/MARC21/slim">

  <leader>00700nam a22001577a 4500</leader>
  <controlfield tag="003">OSt</controlfield>
  <controlfield tag="005">20160208141324.0</controlfield>
  <controlfield tag="008">160208b        xxu||||| |||| 00| 0 eng d</controlfield>
  <datafield tag="040" ind1=" " ind2=" ">
    <subfield code="c">RUA</subfield>
  </datafield>
  <datafield tag="082" ind1=" " ind2=" ">
    <subfield code="a">MGR HIN 2004 B376 Or.1</subfield>
  </datafield>
  <datafield tag="100" ind1=" " ind2=" ">
    <subfield code="9">6967</subfield>
    <subfield code="a">HING THIDA; &#x17A0;&#x17CA;&#x17B8;&#x1784; &#x1792;&#x17B8;&#x178F;&#x17B6;</subfield>
  </datafield>
  <datafield tag="245" ind1=" " ind2=" ">
    <subfield code="a">Response of tomato (lycopersicon esculentum) to organic and inorganic fertilizer application on the sandy soil. &#x17A5;&#x1791;&#x17D2;&#x1792;&#x17B7;&#x1796;&#x179B;&#x1787;&#x17B8;&#x1782;&#x17B8;&#x1798;&#x17B8; &#x1793;&#x17B7;&#x1784;&#x1787;&#x17B8;&#x179F;&#x179A;&#x17B8;&#x179A;&#x17B6;&#x1784;&#x17D2;&#x1782; &#x179B;&#x17BE;&#x178A;&#x17C6;&#x178E;&#x17B6;&#x17C6;&#x1794;&#x17C9;&#x17C1;&#x1784;&#x1794;&#x17C9;&#x17C4;&#x17C7;&#x200B;(Lycopersicon esculentum) &#x179B;&#x17BE;&#x178A;&#x17B8;&#x179B;&#x17D2;&#x1794;&#x17B6;&#x1799;&#x1781;&#x17D2;&#x179F;&#x17B6;&#x1785;&#x17CB;</subfield>
  </datafield>
  <datafield tag="260" ind1=" " ind2=" ">
    <subfield code="a">Phnom Penh </subfield>
    <subfield code="b">RUA </subfield>
    <subfield code="c">2004</subfield>
  </datafield>
  <datafield tag="300" ind1=" " ind2=" ">
    <subfield code="a">x ;55p.</subfield>
    <subfield code="b">ill.</subfield>
    <subfield code="c">29cm.</subfield>
  </datafield>
  <datafield tag="942" ind1=" " ind2=" ">
    <subfield code="2">ddc</subfield>
    <subfield code="c">NRM</subfield>
  </datafield>
  <datafield tag="999" ind1=" " ind2=" ">
    <subfield code="c">6556</subfield>
    <subfield code="d">6556</subfield>
  </datafield>
  <datafield tag="952" ind1=" " ind2=" ">
    <subfield code="0">0</subfield>
    <subfield code="1">0</subfield>
    <subfield code="2">ddc</subfield>
    <subfield code="4">0</subfield>
    <subfield code="6">MGR_HIN_2004_000000000000000_B376_OR_1</subfield>
    <subfield code="7">0</subfield>
    <subfield code="9">37368</subfield>
    <subfield code="a">LBB</subfield>
    <subfield code="b">LBB</subfield>
    <subfield code="c">B376</subfield>
    <subfield code="d">2016-02-08</subfield>
    <subfield code="l">1</subfield>
    <subfield code="o">MGR HIN 2004 B376 Or.1</subfield>
    <subfield code="p">RUA048711</subfield>
    <subfield code="r">2022-12-13</subfield>
    <subfield code="s">2022-12-07</subfield>
    <subfield code="w">2016-02-08</subfield>
    <subfield code="y">NRM</subfield>
  </datafield>
  <datafield tag="952" ind1=" " ind2=" ">
    <subfield code="0">0</subfield>
    <subfield code="1">0</subfield>
    <subfield code="2">ddc</subfield>
    <subfield code="4">0</subfield>
    <subfield code="6">MGR_HIN_2004_000000000000000_B376_OR_2</subfield>
    <subfield code="7">0</subfield>
    <subfield code="9">37369</subfield>
    <subfield code="a">LBB</subfield>
    <subfield code="b">LBB</subfield>
    <subfield code="c">B376</subfield>
    <subfield code="d">2016-02-08</subfield>
    <subfield code="o">MGR HIN 2004 B376 Or.2</subfield>
    <subfield code="p">RUA050053</subfield>
    <subfield code="r">2016-02-08</subfield>
    <subfield code="w">2016-02-08</subfield>
    <subfield code="y">NRM</subfield>
  </datafield>
  <datafield tag="952" ind1=" " ind2=" ">
    <subfield code="0">0</subfield>
    <subfield code="1">0</subfield>
    <subfield code="2">ddc</subfield>
    <subfield code="4">0</subfield>
    <subfield code="6">MGR_HIN_2004_000000000000000_B376_OR_3</subfield>
    <subfield code="7">0</subfield>
    <subfield code="9">37370</subfield>
    <subfield code="a">LBB</subfield>
    <subfield code="b">LBB</subfield>
    <subfield code="c">B376</subfield>
    <subfield code="d">2016-02-08</subfield>
    <subfield code="l">3</subfield>
    <subfield code="o">MGR HIN 2004 B376 Or.3</subfield>
    <subfield code="p">RUA050537</subfield>
    <subfield code="r">2020-11-11</subfield>
    <subfield code="s">2020-11-04</subfield>
    <subfield code="w">2016-02-08</subfield>
    <subfield code="y">NRM</subfield>
  </datafield>
  <datafield tag="952" ind1=" " ind2=" ">
    <subfield code="0">0</subfield>
    <subfield code="1">0</subfield>
    <subfield code="2">ddc</subfield>
    <subfield code="4">0</subfield>
    <subfield code="6">MGR_HIN_2004_000000000000000_B376_OR_4</subfield>
    <subfield code="7">0</subfield>
    <subfield code="9">37371</subfield>
    <subfield code="a">LBB</subfield>
    <subfield code="b">LBB</subfield>
    <subfield code="c">B376</subfield>
    <subfield code="d">2016-02-08</subfield>
    <subfield code="l">3</subfield>
    <subfield code="o">MGR HIN 2004 B376 Or.4</subfield>
    <subfield code="p">RUA050285</subfield>
    <subfield code="r">2024-06-21</subfield>
    <subfield code="s">2024-06-21</subfield>
    <subfield code="w">2016-02-08</subfield>
    <subfield code="y">NRM</subfield>
  </datafield>
</record>
